| 000 | 00628 a2200181 4500 | ||
|---|---|---|---|
| 999 |
_c183184 _d183184 |
||
| 005 | 20211220113148.0 | ||
| 010 | _aENG-130414 | ||
| 020 |
_a978-93-86720-41-2 _c999.00 |
||
| 035 | _aEN-113946 | ||
| 037 | _bDBAD/PUB | ||
| 082 |
_a000 _b1 |
||
| 245 |
_aIBPS BANK PO: _cEdited by Ganga Prasad _bSolved Question Paper |
||
| 260 |
_aGhaziabad _bRathore Publishers & Distributors _c2019 |
||
| 270 |
_aBasement 260, ShaktiKand-III, Indirapuram, Ghazidabad _bUttar Pradesh _e201010 _mrathorepublishers@gmail.com |
||
| 300 |
_a483p. _c22cm (hbk) |
||
| 700 | _aEdited by Ganga Prasad | ||
| 942 |
_adpl _cEN _2ddc _h000 _mPRA |
||